Excess light aggravates the harmful effects of drought and chilling stresses in green leaves of natural rubber (Hevea brasiliensis) (Record no. 52500)

MARC details
000 -LEADER
fixed length control field 00708nam a2200169Ia 4500
100 ## - MAIN ENTRY--AUTHOR NAME
Personal name Jacob J.[a]
245 #0 - TITLE STATEMENT
Title Excess light aggravates the harmful effects of drought and chilling stresses in green leaves of natural rubber (Hevea brasiliensis)
260 ## - PUBLICATION, DISTRIBUTION, ETC. (IMPRINT)
Name of publisher Second International Congress of Plant Physiology on Sustainable Plant Productivity under Changing Environment, 8-12 January 2003, Indian Agricultural Research Institute, New Delhi, India, pp.556.
Year of publication 2003
650 ## - SUBJECT ADDED ENTRY--TOPICAL TERM
Topical Term Abiotic stress
650 ## - SUBJECT ADDED ENTRY--TOPICAL TERM
Topical Term Chlorophyll fluorescence
700 ## - ADDED ENTRY--PERSONAL NAME
Personal name Alam B.
700 ## - ADDED ENTRY--PERSONAL NAME
Personal name Annamalainathan K.
700 ## - ADDED ENTRY--PERSONAL NAME
Personal name Nair D.B.
700 ## - ADDED ENTRY--PERSONAL NAME
Personal name Sreelatha S.
942 ## - ADDED ENTRY ELEMENTS (KOHA)
Koha item type Bibliography STAF
Holdings
Withdrawn status Lost status Damaged status Not for loan Home library Current library Date acquired Koha item type
      Bibliography RRII Library RRII Library 09/04/2014 Bibliography STAF